Radiology secrets plus (Record no. 42423)

MARC details
000 -LEADER
fixed length control field 00469nam a2200193Ia 4500
020 ## - INTERNATIONAL STANDARD BOOK NUMBER
ISBN 9788131247129
050 ## - CALL MARK
Classification number RC 78.7 .D74/
100 ## - STATEMENT OF RESPONSIBILITY--MAIN AUTHOR NAME
Personal name Torigian Drew A. & Parvati Ramchandani
245 #0 - TITLE STATEMENT
Title Radiology secrets plus
250 ## - EDITION / VOLUME STATEMENT
Edition / Volume statement 1st Asia ed.
260 ## - PUBLICATION, DISTRIBUTION, ETC. (IMPRINT)
Place of publication South Asia
260 ## - PUBLICATION, DISTRIBUTION, ETC. (IMPRINT)
Name of publisher Elsevier Limited
260 ## - PUBLICATION, DISTRIBUTION, ETC. (IMPRINT)
Year of publication 2016
300 ## - PHYSICAL DESCRIPTION
Number of Pages 911 p
650 ## - SUBJECT ADDED ENTRY--TOPICAL TERM
Topical Term South Asia
942 ## - ADDED ENTRY ELEMENTS (KOHA)
Koha item type Books
Holdings
Withdrawn status Lost status Source of classification or shelving scheme Damaged status Not for loan Permanent Location Current Location Shelving location Date acquired Accession Number Price effective from Koha item type
    Library of Congress Classification     Asokoro Library Asokoro Library Items on shelf 06/03/2025 0193635 06/03/2025 Books
    Library of Congress Classification     Asokoro Library Asokoro Library Items on shelf 06/03/2025 0193636 06/03/2025 Books